000 00427nam a2200157Ia 4500
008 160316s2010 xxu||||| |||| 00| 0 eng d
082 _a342.062000
_bIIC
100 _a
245 _aAgenda for 11th Meeting of Board of Governors, 14 Dec. 2010
250 _a
260 _aNew Delhi
_bIndian Institute of Corporate Affairs
_c2010
300 _a44
_b
_c
365 _b
650 _aMeeting, board of governors
700 _a
_a
999 _c31396
_d31396